000 00782nam a2200217Ii 4500
003 JO-AjNU
008 230605s9999||||xx |||||||||||||| ||und||
020 _a978-977-308-651-0
040 _aJO-AjNU
_bara
_erda
_cJO-AjNU
041 _aara
050 1 4 _aHD49 2020
100 3 _aأحمد، الحديدي محمد عبد السلام ,
_eauthor
_961934
245 0 0 _aإدارة المخاطر والأزمات
264 3 1 _aدسوق: دار العلم والايمان؛ الجزائر:دار الجديد للنشر والتوزيع، 2020
300 _a332ص
336 _atext
_btxt
_2rdacontent
337 _aunmediated
_bn
_2rdamedia
338 _avolume
_bnc
_2rdacarrier
490 0 _aسلسلة الإدارة الحديثة
650 4 _aإدارة اعمال
_961935
999 _aA28020
_c31588
_d31588